000 00450cam a22001337a 4500
008 180718b1973 xxu||||| |||| 00| 0 eng d
082 _aF83x54 Si78
100 _aSirsikar, V.M.
245 _aSovereigns without crowns: a behavioural analysis of the Indian electoral process
_cby V.M. Sirsikar
260 _aBombay
_bPopulat Prakashan
_c1973
300 _a414p.
650 _aPune (India) --Politics and government
650 _aElections --India --Pune
999 _c353868
_d353868